00401cam a2200133 4500001000500000005001700005008004100022010001500063020001800078022001800096245008700114260003600201300003000237703220250620115016.0250620b |||||||| |||| 00| 0 eng d a2003059687 a9786162151453 a978616215145310aMirroring Power: bethnogenesis and integration among the phunoy of Northern Laos. aBoston :bSilkworms Booksc2018 ax 277,p. :bill. ;c24 cm